000 00324nam a2200133Ia 4500
008 190216s9999||||xx |||||||||||||| ||und||
100 _aA.P.Krishnan
245 0 _aBusiness Communication
250 _a1st Ed.
260 _bCalicut University Central Co-Operative
_c2005
300 _a192
650 _aCommerce
942 _cBK
999 _c8187
_d8187